[Event "Brno festival"]
[Site "?"]
[Date "2015.08.30"]
[Round "9"]
[White "Meszaros, Ludek"]
[Black "Dumkova, Daniela"]
[Result "1/2-1/2"]
[WhiteElo "2123"]
[BlackElo "1777"]
[PlyCount "115"]

1. d4 Nf6 2. c4 e6 3. Nc3 Bb4 4. Bg5 h6 5. Bh4 g5 6. Bg3 Ne4 7. Qc2 Nxg3 8.
hxg3 Bf8 9. O-O-O d6 10. e3 Qe7 11. f4 Bg7 12. Nf3 g4 13. Nd2 f5 14. e4 O-O 15.
Bd3 Nc6 16. Nb3 Nb4 17. Qe2 Nxd3+ 18. Rxd3 Qf7 19. exf5 e5 20. dxe5 dxe5 21. f6
Qxf6 22. Nd5 Qf7 23. fxe5 c6 24. Nf4 Qxc4+ 25. Kd1 Bf5 26. Rd2 Qxe2+ 27. Rxe2
Rad8+ 28. Kc1 Rde8 29. Rhe1 Re7 30. Nd4 Bh7 31. Nde6 Rfe8 32. Nxg7 Kxg7 33.
Nh5+ Kg6 34. Nf6 Rd8 35. Nxg4 Kg5 36. Nh2 Rd3 37. Re3 Rxe3 38. Rxe3 Bg8 39.
Nf3+ Kg4 40. Nh4 Bxa2 41. b3 Bxb3 42. Rxb3 Rxe5 43. Kd2 b5 44. Ng6 Re8 45. Nf4
a5 46. Ne2 b4 47. Rd3 Re4 48. Rd6 b3 49. Rg6+ Kf5 50. Rxc6 Rb4 51. Nc3 a4 52.
Nb1 Kg4 53. Rc3 Rb6 54. Na3 b2 55. Kc2 Rb3 56. Rc4+ Kg5 57. Rxa4 Rxg3 58. Kxb2
1/2-1/2

[Event "Brno festival"]
[Site "?"]
[Date "2015.08.30"]
[Round "9"]
[White "Zeman, Radek"]
[Black "Zuziak, Petr"]
[Result "1/2-1/2"]
[WhiteElo "1866"]
[BlackElo "1985"]
[PlyCount "24"]

1. e4 Nc6 2. Nf3 d6 3. d4 Bg4 4. Be3 e6 5. Nc3 Nf6 6. Be2 Be7 7. O-O O-O 8. h3
Bh5 9. a3 a6 10. Qd2 Bg6 11. Bd3 e5 12. Rad1 h6 1/2-1/2

[Event "Brno festival"]
[Site "?"]
[Date "2015.08.30"]
[Round "9"]
[White "Stehlik, Jiri"]
[Black "Jurak, Stanislav"]
[Result "1-0"]
[WhiteElo "1979"]
[BlackElo "1835"]
[PlyCount "91"]

1. Nf3 d5 2. g3 Nf6 3. Bg2 e6 4. O-O Be7 5. b3 O-O 6. c4 Nbd7 7. Bb2 Re8 8. d4
Bf8 9. Nbd2 c6 10. Qc2 Qc7 11. Rac1 g6 12. e4 dxe4 13. Nxe4 Bg7 14. Rfe1 Nxe4
15. Rxe4 Nf6 16. Ree1 Bd7 17. Rcd1 Qb6 18. Ne5 Rad8 19. Bc3 Qc7 20. h3 Bc8 21.
Qc1 Nd7 22. Qf4 Nxe5 23. dxe5 Rxd1 24. Rxd1 Rd8 25. Qc1 Rxd1+ 26. Qxd1 Qd7 27.
Qxd7 Bxd7 28. c5 Kf8 29. f4 Ke8 30. g4 Ke7 31. Kf2 f6 32. Kf3 fxe5 33. Ke4 Bf6
34. g5 Bg7 35. h4 Kf7 36. Bxe5 Bxe5 37. Kxe5 Ke7 38. Be4 Be8 39. a3 a5 40. Bd3
Bd7 41. Bc4 Bc8 42. Bd3 Bd7 43. h5 Be8 44. hxg6 Bxg6 $2 45. Bxg6 hxg6 46. a4
1-0

[Event "Brno festival"]
[Site "?"]
[Date "2015.08.30"]
[Round "9"]
[White "Effenberger, Adam"]
[Black "Tovarek, Antonin"]
[Result "0-1"]
[WhiteElo "1785"]
[BlackElo "1972"]
[PlyCount "72"]

1. d4 Nf6 2. c4 e6 3. Nf3 c5 4. g3 cxd4 5. Nxd4 Nc6 6. Bg2 Bc5 7. Nxc6 bxc6 8.
O-O O-O 9. b3 d5 10. cxd5 cxd5 11. Bb2 Ba6 12. Nd2 Qb6 13. Nf3 Rac8 14. Bxf6
gxf6 15. Rc1 e5 16. Nh4 e4 17. Nf5 Kh8 18. Bh3 Rc7 19. Rc2 Rd8 20. Kg2 d4 21.
Qc1 d3 22. exd3 exd3 23. Rd1 Rc6 24. Rc3 Bb4 25. Rxc6 Bb7 26. f3 Qxc6 27. Qxc6
Bxc6 28. Ne3 Bb5 29. Bf5 d2 30. Nc4 Re8 31. Kf2 Bc5+ 32. Kf1 Re3 33. Be4 f5 34.
Bb7 Bb4 35. Kf2 Re1 36. Rxd2 Bxd2 0-1

[Event "Brno festival"]
[Site "?"]
[Date "2015.08.30"]
[Round "9"]
[White "Halamka, Radek"]
[Black "Spodny, Josef"]
[Result "1/2-1/2"]
[WhiteElo "1741"]
[BlackElo "1959"]
[PlyCount "44"]

1. e4 e5 2. Nf3 Nc6 3. Bb5 a6 4. Ba4 d6 5. c3 Bg4 6. h3 Bd7 7. d4 Nf6 8. Bc2
Be7 9. Bg5 O-O 10. O-O h6 11. Bxf6 Bxf6 12. dxe5 dxe5 13. Nbd2 Be6 14. Nb3 Qe7
15. Qe2 Rfd8 16. Rfd1 Rxd1+ 17. Rxd1 Rd8 18. Rxd8+ Qxd8 19. Qe3 Be7 20. Nc1 Bg5
21. Nxg5 Qxg5 22. Qxg5 hxg5 1/2-1/2

[Event "Brno festival"]
[Site "?"]
[Date "2015.08.30"]
[Round "9"]
[White "Straka, Vojtech"]
[Black "Kubala, Karel"]
[Result "0-1"]
[WhiteElo "1770"]
[BlackElo "1955"]
[PlyCount "94"]

1. e4 e6 2. d4 d5 3. exd5 exd5 4. Nf3 Nc6 5. Nc3 Nf6 6. Be2 Bf5 7. a3 Be7 8.
Bf4 a6 9. Ne5 O-O 10. O-O Re8 11. Re1 Bf8 12. Bg3 Ne7 13. Bh4 Ne4 14. Nxd5 g5
15. Nxe7+ Bxe7 16. Bg3 Be6 17. Bd3 Nf6 18. h3 Kg7 19. c3 c5 20. Be4 Nxe4 21.
Rxe4 Bf5 22. Re1 cxd4 23. Qxd4 Qxd4 24. cxd4 Rad8 25. Nc4 Be6 26. Nb6 Bd6 27.
d5 Bxg3 28. fxg3 Bf5 29. Rxe8 Rxe8 30. Kf2 Rd8 31. Rd1 Be4 32. Rd4 f5 33. Nc4
Rxd5 34. Rxd5 Bxd5 {Diagram #} 35. g4 Bxc4 36. gxf5 Kf6 37. g4 Ke5 38. Kg3 a5
39. h4 h6 40. hxg5 hxg5 41. Kf3 Bd5+ 42. Ke3 b5 43. b4 axb4 44. axb4 Bc6 45. f6
Bd5 46. Kd3 Be6 47. Ke3 Kxf6 0-1

[Event "Brno festival"]
[Site "?"]
[Date "2015.08.30"]
[Round "9"]
[White "Glozar, Petr"]
[Black "Kopecek, Ivan"]
[Result "0-1"]
[WhiteElo "1588"]
[BlackElo "1952"]
[PlyCount "70"]

1. e4 e5 2. Nf3 Nc6 3. Bb5 a6 4. Ba4 Nf6 5. d3 Bc5 6. Be3 Qe7 7. O-O b5 8. Bb3
Na5 9. Nc3 Nxb3 10. axb3 Bb7 11. Kh1 Bxe3 12. fxe3 b4 13. Nd5 Nxd5 14. exd5
Bxd5 15. e4 Bb7 16. Qe1 f6 17. Nh4 g6 18. Qf2 O-O 19. Qg3 Kh8 20. Qh3 Rg8 21.
Rae1 Raf8 22. Re3 Qe6 23. g4 d5 24. Rd1 dxe4 25. dxe4 f5 26. gxf5 gxf5 27. Rde1
Rg4 28. Rg3 Rxg3 29. hxg3 Qh6 30. Rf1 Bxe4+ 31. Kh2 Bxc2 32. Nf3 Qxh3+ 33. Kxh3
Re8 34. Nh4 Bxb3 35. Rxf5 Be6 0-1

[Event "Brno festival"]
[Site "?"]
[Date "2015.08.30"]
[Round "9"]
[White "Barak, David"]
[Black "Paulik, Martin"]
[Result "0-1"]
[WhiteElo "1625"]
[BlackElo "1891"]
[PlyCount "70"]

1. d4 Nf6 2. Nf3 e6 3. Bf4 c5 4. e3 Nc6 5. c3 d5 6. Bd3 c4 7. Bc2 b5 8. b3 Bd7
9. bxc4 bxc4 10. Nbd2 Qa5 11. Nb1 Nh5 12. Bg3 Nxg3 13. hxg3 h6 14. O-O Bd6 15.
Qe2 O-O 16. e4 Rab8 17. e5 Ba3 18. Nxa3 Qxa3 19. Qd2 Rb2 20. Rfc1 Rfb8 21. Rcb1
Kf8 22. Ne1 Rxa2 23. Rxa2 Qxa2 24. Rxb8+ Nxb8 25. Qf4 Qa1 26. Qe3 a5 27. Kh2 a4
28. Bxa4 Bxa4 29. Nf3 Nc6 30. g4 g5 31. Ng1 Qd1 32. Qh3 Kg7 33. Qh5 Bc2 34. Qh3
Qd3 35. Nf3 Qxc3 0-1

[Event "Brno festival"]
[Site "?"]
[Date "2015.08.30"]
[Round "9"]
[White "Janous, Petr"]
[Black "Kosina, Vladimir"]
[Result "1-0"]
[WhiteElo "1883"]
[BlackElo "1734"]
[PlyCount "87"]

1. e4 c5 2. d3 d6 3. g3 g6 4. Bg2 Bg7 5. Nf3 Nc6 6. O-O Nf6 7. Nbd2 Bd7 8. c3
Rc8 9. Re1 Qc7 10. Nf1 O-O 11. Bf4 Nh5 12. Be3 b6 13. h3 Rfd8 14. Qd2 Be8 15.
Bh6 Bh8 16. Qc2 f6 17. Be3 Bf7 18. N3h2 Bg7 19. g4 Ne5 20. gxh5 gxh5 21. f4 Ng6
22. Qf2 e5 23. f5 Nf8 24. c4 Qe7 25. Bf3 Qe8 26. Kh1 Kh8 27. Ng3 b5 28. b3 a6
29. Rg1 Nd7 30. Qe2 h4 31. Nh5 Bxh5 32. Bxh5 Qe7 33. Qf2 Rg8 34. Qxh4 Nf8 35.
Ng4 Rc7 36. Bh6 Qd8 37. Rg3 d5 38. cxd5 c4 39. bxc4 bxc4 40. dxc4 Rxc4 41. Bf7
Rxe4 42. Bxg8 Kxg8 43. Nxf6+ Qxf6 44. Qxf6 1-0

[Event "Brno festival"]
[Site "?"]
[Date "2015.08.30"]
[Round "9"]
[White "Blazek, Pavel"]
[Black "Krejci, Petr"]
[Result "0-1"]
[WhiteElo "1769"]
[BlackElo "2047"]
[PlyCount "70"]

1. e4 d5 2. exd5 Qxd5 3. Nc3 Qa5 4. d4 Nf6 5. Nf3 Bg4 6. h3 Bh5 7. g4 Bg6 8.
Ne5 e6 9. h4 Nbd7 10. Nc4 Qb4 11. a3 Qe7 12. Nb5 Nb6 13. Bf4 Nbd5 14. Be5 a6
15. Nbd6+ cxd6 16. Nxd6+ Kd8 17. c4 Qd7 18. h5 Bxd6 19. hxg6 Nf4 20. Bxf6+ gxf6
21. g7 Rg8 22. Rxh7 Ke7 23. Qf3 Rad8 24. Bg2 Nxg2+ 25. Qxg2 Bf4 26. Rd1 Qc6 27.
d5 Qxc4 28. d6+ Bxd6 29. Qxb7+ Rd7 30. Qf3 Qf4 31. Qd3 Qxg4 32. f3 Qg6 33. Qxa6
Qxh7 34. Rxd6 Qh1+ 35. Ke2 Qh2+ 0-1

[Event "Brno festival"]
[Site "?"]
[Date "2015.08.30"]
[Round "9"]
[White "Fryda, Dominik"]
[Black "Zeman, Arnost"]
[Result "0-1"]
[WhiteElo "1584"]
[BlackElo "1969"]
[PlyCount "98"]

1. e4 c5 2. Nf3 g6 3. d4 cxd4 4. Nxd4 Nf6 5. Nc3 Bg7 6. Be3 O-O 7. Be2 d6 8.
Qd2 Re8 9. f3 Bd7 10. O-O-O Nc6 11. g4 Rc8 12. h4 h5 13. gxh5 Nxh5 14. Nxc6
Rxc6 15. Bd4 Bxd4 16. Qxd4 Nf4 17. Qe3 e5 18. Nd5 Nxe2+ 19. Qxe2 Be6 20. h5 g5
21. h6 Kh7 22. Rdg1 Rg8 23. Qe3 b6 24. Rh5 f6 25. Qd3 Rg6 26. Rgh1 Qd7 27. Rd1
Bxd5 28. Qxd5 Rg8 29. Qb3 Rgc8 30. c3 Qe8 31. Rh2 Qg8 32. Qa3 Qf7 33. Rxd6 Rxd6
34. Qxd6 Rh8 35. Rd2 Re8 36. Qd7 Re7 37. Qf5+ Qg6 38. Rd7 Rxd7 39. Qxd7+ Kxh6
40. Qxa7 Qh5 41. Qxb6 Qxf3 42. a4 g4 43. Kd2 g3 44. Qe3+ Qf4 45. Qxf4+ exf4 46.
Ke2 Kh5 47. a5 Kg4 48. Kf1 Kf3 49. a6 g2+ 0-1

[Event "Brno festival"]
[Site "?"]
[Date "2015.08.30"]
[Round "9"]
[White "Hruza, Dominik"]
[Black "Zitny, Petr"]
[Result "0-1"]
[WhiteElo "1652"]
[BlackElo "1848"]
[PlyCount "70"]

1. e4 d6 2. d4 Nf6 3. Nc3 c6 4. Nf3 Bg4 5. Be2 Nbd7 6. h3 Bxf3 7. Bxf3 e5 8.
Be3 Be7 9. O-O O-O 10. Qd2 a6 11. d5 c5 12. a4 b6 13. Be2 Ne8 14. g3 Nc7 15. f4
Rb8 16. Kh2 b5 17. b3 b4 18. Nd1 a5 19. Nb2 exf4 20. gxf4 Bf6 21. Rab1 Bc3 22.
Qd3 Nb6 23. Nd1 Bf6 24. Bd2 c4 25. Qg3 Qe7 26. Nf2 Bh4 27. Qg2 f5 28. Bf3 c3
29. Be1 fxe4 30. Nxe4 Nbxd5 31. Bxh4 Qxh4 32. Rg1 Qxf4+ 33. Qg3 Ne3 34. Kh1
Qxf3+ 35. Kh2 Qxg3+ 0-1

[Event "Brno festival"]
[Site "?"]
[Date "2015.08.30"]
[Round "9"]
[White "Glacner, Karel"]
[Black "Dvorakova, Olga"]
[Result "1-0"]
[WhiteElo "1550"]
[BlackElo "1446"]
[PlyCount "25"]

1. d4 Nf6 2. Nf3 e6 3. Nbd2 d5 4. e3 b6 5. c3 Nbd7 6. Bb5 Bd6 7. Ne5 O-O 8. f4
a6 9. Bd3 c5 10. g4 Ne8 11. g5 f6 12. Bxh7+ Kxh7 13. Qh5+ 1-0

[Event "Brno festival"]
[Site "?"]
[Date "2015.08.30"]
[Round "9"]
[White "Kaplan, Milan"]
[Black "Perutka, Tomas"]
[Result "1/2-1/2"]
[WhiteElo "1815"]
[BlackElo "1756"]
[PlyCount "120"]

1. e4 e6 2. d4 d5 3. Nd2 h6 4. Bd3 c5 5. c3 Nc6 6. Ngf3 Nf6 7. O-O g5 8. e5 Nd7
9. Ne1 cxd4 10. cxd4 Nxd4 11. f4 Bg7 12. Ndf3 Nc6 13. Qe2 Qc7 14. Bb5 a6 15.
Bxc6 bxc6 16. Be3 g4 17. Nd4 h5 18. Rc1 Bb7 19. b4 Nb6 20. Nd3 Nc4 21. Nc5 Rb8
22. Bf2 Bf8 23. Rxc4 dxc4 24. Qxc4 Bxc5 25. Qxc5 g3 26. Bxg3 h4 27. Be1 Qe7 28.
Qa7 Ra8 29. Qb6 Rc8 30. f5 Rg8 31. f6 Qd7 32. Bxh4 c5 33. Nf3 cxb4 34. Qxb4 Rc2
35. Bg3 Bxf3 36. Rxf3 Rc1+ 37. Rf1 Rxf1+ 38. Kxf1 Qb5+ 39. Qxb5+ axb5 40. Be1
Rg4 41. a3 Re4 42. Bb4 Rxe5 43. Be7 Rf5+ 44. Ke2 Kd7 45. g4 Rg5 46. Kf3 e5 47.
h4 Rg8 48. g5 Ke6 49. Kg4 Rc8 50. Bb4 Rc4+ 51. Kh5 e4 52. Kh6 Rxb4 53. axb4 e3
54. g6 e2 55. g7 e1=Q 56. h5 {Diagram #} Qe5 $2 57. g8=Q Qxf6+ 58. Kh7 Qf5+ 59.
Kh6 Qf6+ 60. Kh7 Qf5+ 1/2-1/2

[Event "Brno festival"]
[Site "?"]
[Date "2015.08.30"]
[Round "9"]
[White "Tajovsky, Matej"]
[Black "Zikan, Karel"]
[Result "0-1"]
[WhiteElo "1556"]
[BlackElo "1735"]
[PlyCount "110"]

1. e4 c6 2. d4 d5 3. exd5 cxd5 4. c4 Nf6 5. Nf3 Bg4 6. Nc3 Nc6 7. Be3 e6 8. Be2
dxc4 9. O-O Be7 10. Bxc4 O-O 11. Be2 Nb4 12. Qb3 b6 13. Rac1 Nbd5 14. Nxd5 Nxd5
15. a3 Qd6 16. Rc2 Rac8 17. Rfc1 Qb8 18. h3 Bh5 19. Ne5 Bxe2 20. Nd7 Qb7 21.
Nxf8 Rxc2 22. Qxc2 Bxf8 23. Qxe2 Bd6 24. Qg4 Be7 25. Qg3 Bf6 26. Qd6 h6 27. Qg3
Kf8 28. Rd1 Qc8 29. Bf4 g5 30. Be5 Qc2 31. Rf1 Qxb2 32. Bxf6 Nxf6 33. Qd3 Kg7
34. Rb1 Qa2 35. Rc1 Nd5 36. Rc8 Nf4 37. Qe3 Qd5 38. f3 Qa2 39. Qe5+ Kg6 40.
Rg8+ Kh5 41. Rxg5+ hxg5 42. Qh8+ Kg6 43. Qg8+ Kf6 44. Qd8+ Kg7 45. Qxg5+ Ng6
46. h4 Qb1+ 47. Kf2 Qc2+ 48. Kg1 f6 49. Qg3 Qc1+ 50. Kf2 Qf4 51. Qxf4 Nxf4 52.
g3 Nd5 53. Ke2 b5 54. Kd3 a5 55. g4 Kg6 0-1

[Event "Brno festival"]
[Site "?"]
[Date "2015.08.30"]
[Round "9"]
[White "Vavrinkova, Anna"]
[Black "Koci, Tereza"]
[Result "0-1"]
[WhiteElo "1399"]
[BlackElo "1621"]
[PlyCount "54"]

1. e4 e6 2. d4 d5 3. Nc3 Bb4 4. exd5 exd5 5. Bd2 Nc6 6. Bb5 Nf6 7. Nf3 O-O 8.
O-O Bg4 9. Be3 Ne4 10. Qd3 Bf5 11. Nxe4 dxe4 12. Qb3 exf3 13. Bxc6 bxc6 14.
Qxb4 Qf6 15. Bf4 Bh3 16. gxh3 Qxf4 17. Kh1 Qh4 18. Qc3 Qxh3 19. Rg1 g6 20. Rg3
{(R)} Qh4 21. Rxf3 Rad8 22. Qxc6 Rxd4 23. Qxc7 Qe4 24. Kg2 g5 25. Qa5 f5 {
Diagram #} 26. Re1 $2 Qc6 27. Qxa7 Rg4+ 0-1